Statistics for Guess the Word Pair-just add a letter

Click here to take the quiz!

General Stats

  • This quiz has been taken 354 times
  • The average score is 19 of 30

Answer Stats

HintAnswer% Correct
When Luna's boyfriend remarked that the ____ landing was faked, she realized how dim he was, and called him a _____Moon
94%
Moron
90%
Living above a funeral home, Mort was used to being woken up in the _______ by a family ________ their loved one.Morning
82%
Maple
80%
Mourning
80%
The inventive doctor, registered a ______ for her new life saving creation, that would certainly help her sick _______Patent
79%
Patient
79%
The elk, seeing the disembodied antlers of his Canadian cousin, the _____, became sullen and ______Moose
78%
It seemed all the boys in the class preferred agave syrup, except one. Lief was the only ____ to prefer _____ syrup.Male
77%
When Cat used up her last ball of ____ to make her scarf, she began to _____ for more to make a matching hat.Yarn
76%
Yearn
74%
Lennie attempted to ___ the adorable rabbit, but because he was so ____ compared to the rabbit, he unfortunately crushed the creature in his embrace.Hug
73%
Huge
72%
Seeing snow, Jude put on an extra _____ before heading to the county courthouse where he worked as a ______layer
70%
Morose
70%
lawyer
69%
Duke ran to the nearest Home _____ to buy a pitchfork so he could overthrow the absolute power wielding ______Depot
64%
Through
63%
The pig was so hungry, that it not only finished all the slop in its ______, it ate clean _______ the entire food bin.Trough
63%
After Ruby polished the final _____ into her gemstone, she washed the debris off under the ______ in her sinkFacet
57%
Faucet
57%
Despot
56%
After agreeing to _____ all the country's oil for Beanie Babies, the president heard a lengthy critical ______ from his cabinetTrade
48%
Tirade
45%
Given her social status, Rani knew her secret boyfriend's low _____ prevented her from marrying him, so she vowed to remain ______ for the rest of her life.Caste
35%
Chaste
34%
The foul smell of the potion was so ______, the witch took it as a _______ of wicked things to comePotent
31%
Portent
29%
Shallow
25%
Beau felt Anna's complexion was sickly and ______, while Anna felt Beau's obsession with appearance made him _______Sallow
22%

Score Distribution

Percentile by Number Answered

Percent of People with Each Score

Your Score History

You have not taken this quiz